000 02909nam a22002417a 4500
999 _c63742
_d63742
003 Ge_BSU
005 20251219145045.0
008 251219s2020 ge ||||| |||| 00| 0 geo d
020 _a9790802101463
041 _ageo
080 _a784.4(479.22)(082) ჩ-55
245 _aჩვენ მშვიდობა [ნოტი] :
_b ქართული ხალხური სიმღერა : 1907-2005 წლებში ჩაწერილი 40 რჩეული აუდიონიმუში /
_c ნოტებზე ჩაწერა და შეადგინა დავით შუღლიაშვილმა; მხატვარი ზაზა ლოდია; საქართველოს პარლამენტის ილია ჭავჭავაძის სახელობის ეროვნული ბიბლიოთეკა; თბილისის ვანო სარაჯიშვილის სახელობის სახელმწიფო კონსერვატორია; ფონდი ქართული გალობა = Chven Mshvidoba = Peace to Us : Georgian Traditional Folk Song : 40 select audio recordings of 1907-2005 / Transcribed and compiled by David Shugliashvili.
264 _aთბილისი,
_c2020.
300 _a280 გვ. :
_b ილ., ფოტ. ;
_c28 სმ + 1 კომპარტ-დისკი (CD-ROM)
500 _aპარალ. ქართ., ინგლ. ენ. სიმღერების ტექსტები: გვ. 253.
501 _aპირთა საძიებელი: გვ. 257. გეოგრაფიულ სახელთა საძიებელი : გვ. 261. ფოტოგალერეა (მომღერლები, სიმღერების ჩამწერები) : გვ. 265-274. CD - აუდიოჩანაწერთა ქრონომეტრაჟი და წყაროები : გვ. 277.
653 _aქართული ხალხური სიმღერები
700 _aშუღლიაშვილი, დავით
_eშემდგენელი
_926462
700 _aლოდია, ზაზა
_eმხატვარი
_926563
710 _aსაქართველოს პარლამენტის ილია ჭავჭავაძის სახელობის ეროვნული ბიბლიოთეკა
_bთბილისის ვანო სარაჯიშვილის სახელობის სახელმწიფო კონსერვატორია. ფონდი ქართული გალობა.
_926564
856 _uhttps://dspace.nplg.gov.ge/bitstream/1234/322748/1/Chven_Mshvidoba.pdf
_yელ. ვერსია
942 _2udc
_cᲬᲘᲒᲜᲘ